[Event "Toronto op"]
[Site "Toronto CAN"]
[Date "2019.08.31"]
[Round "2.7"]
[White "Sapozhnikov, Roman"]
[Black "Gao, Raymond"]
[Result "1-0"]
[WhiteElo "2330"]
[BlackElo "2050"]
[PlyCount "67"]
[EventDate "2019.08.31"]
[EventType "swiss"]
[EventRounds "6"]
[EventCountry "CAN"]

1. e4 c5 2. Nf3 d6 3. d4 cxd4 4. Nxd4 Nf6 5. Nc3 a6 6. h3 g6 7. Be3 Bg7 8. Qd2
Nc6 9. O-O-O O-O 10. Nxc6 bxc6 11. e5 Nd5 12. Nxd5 cxd5 13. exd6 e6 14. Bc5 Re8
15. f4 Rb8 16. c3 Qa5 17. Ba3 Bd7 18. c4 Qa4 19. Qc2 Qxc2+ 20. Kxc2 Bxb2 21.
Bxb2 Ba4+ 22. Kc1 Bxd1 23. c5 Ba4 24. g3 Bb5 25. Bxb5 axb5 26. Bf6 Rb7 27. c6
Rc8 28. c7 Kf8 29. h4 Rb6 30. Be5 f6 31. d7 Rbb8 32. d8=Q+ Rxd8 33. cxb8=Q Rxb8
34. Bxb8 1-0

[Event "Toronto op"]
[Site "Toronto CAN"]
[Date "2019.08.31"]
[Round "2.8"]
[White "Kang, Dorian"]
[Black "Saha, Ananda"]
[Result "1-0"]
[WhiteElo "2213"]
[BlackElo "2309"]
[PlyCount "63"]
[EventDate "2019.08.31"]
[EventType "swiss"]
[EventRounds "6"]
[EventCountry "CAN"]

1. e4 e6 2. d4 d5 3. Nc3 Nf6 4. e5 Nfd7 5. f4 c5 6. Nf3 Nc6 7. Be3 cxd4 8. Nxd4
Bc5 9. Ncb5 O-O 10. c3 a6 11. Nxc6 bxc6 12. Nd4 Qb6 13. b4 Bxd4 14. Qxd4 Qc7
15. Bd3 a5 16. O-O Ba6 17. Bxa6 Rxa6 18. a4 c5 19. bxc5 Rc6 20. c4 Nxc5 21.
cxd5 Nb3 22. Qd1 Rc3 23. Bd4 Nxa1 24. d6 Qc4 25. Bxc3 Nb3 26. Be1 Nd4 27. Rf2
Qc5 28. Kh1 Nf5 29. Rc2 Qb6 30. Bf2 Qb7 31. d7 Rd8 32. Rc8 1-0

[Event "Toronto op"]
[Site "Toronto CAN"]
[Date "2019.09.01"]
[Round "3.3"]
[White "Kang, Dorian"]
[Black "Migot, Tangi"]
[Result "0-1"]
[WhiteElo "2213"]
[BlackElo "2472"]
[PlyCount "146"]
[EventDate "2019.08.31"]
[EventType "swiss"]
[EventRounds "6"]
[EventCountry "CAN"]

1. e4 c5 2. Nf3 Nc6 3. Bb5 e6 4. Bxc6 bxc6 5. e5 f6 6. O-O Qc7 7. Re1 Ne7 8. d3
Ng6 9. Qe2 Be7 10. Na3 O-O 11. Nc4 Ba6 12. Rb1 Rf7 13. Qe3 Bxc4 14. dxc4 fxe5
15. Nxe5 Nxe5 16. Qxe5 Bd6 17. Qh5 Qa5 18. Be3 Qxa2 19. Qd1 Bf8 20. Qd3 Qa5 21.
Ra1 Qc7 22. Ra6 Qb7 23. Ra2 d5 24. Bd2 Re8 25. Bc3 Qb8 26. Be5 Bd6 27. Bxd6
Qxd6 28. g3 e5 29. Ra6 Qf6 30. Qd2 d4 31. Re4 Ref8 32. f4 exf4 33. Rxf4 Qh6 34.
Qg2 Rxf4 35. gxf4 Qxf4 36. Ra1 Rf6 37. Kh1 h5 38. Rg1 Qf3 39. Qxf3 Rxf3 40. Kg2
Rf5 41. Ra1 Rg5+ 42. Kf2 h4 43. Ra3 Kh7 44. Rh3 Rf5+ 45. Ke2 g5 46. Ra3 g4 47.
Rxa7+ Kg6 48. Ra8 Rf6 49. Rg8+ Kf5 50. Kf2 Kf4 51. Re8 g3+ 52. hxg3+ hxg3+ 53.
Kg2 Rf5 54. b3 Rh5 55. Rf8+ Ke3 56. Kxg3 Rg5+ 57. Kh2 Kd2 58. Rf2+ Kc3 59. Kh1
Re5 60. Kg2 Re1 61. Kf3 Rc1 62. Ke4 Rxc2 63. Rf5 Re2+ 64. Kf3 Re3+ 65. Kf4 Kb4
66. Rf6 Kxb3 67. Rxc6 Kxc4 68. Rc8 Kb4 69. Rc7 c4 70. Rd7 Kc3 71. Rd8 Kd3 72.
Rc8 c3 73. Rc7 Re1 0-1

[Event "Toronto op"]
[Site "Toronto CAN"]
[Date "2019.09.01"]
[Round "3.4"]
[White "Pace, Christopher"]
[Black "Dukic, Zachary"]
[Result "0-1"]
[WhiteElo "2214"]
[BlackElo "2415"]
[PlyCount "66"]
[EventDate "2019.08.31"]
[EventType "swiss"]
[EventRounds "6"]
[EventCountry "CAN"]

1. e4 e5 2. Nf3 Nc6 3. Bb5 a6 4. Ba4 Nf6 5. O-O Be7 6. Re1 b5 7. Bb3 O-O 8. c3
d5 9. exd5 Nxd5 10. Nxe5 Nxe5 11. Rxe5 c6 12. d4 Bd6 13. Re1 Qh4 14. g3 Qh3 15.
Qf3 Bg4 16. Qg2 Qh5 17. Be3 Rae8 18. Nd2 Re6 19. Bxd5 cxd5 20. f3 Bh3 21. Qf2
Qg6 22. Nb3 h5 23. Nc5 Rf6 24. Bd2 h4 25. f4 hxg3 26. hxg3 Bf5 27. Qh2 Bxc5 28.
dxc5 Be4 29. Qh4 Qf5 30. g4 Rg6 31. g5 f6 32. Rf1 Re8 33. Rae1 Rh6 0-1

[Event "Toronto op"]
[Site "Toronto CAN"]
[Date "2019.09.01"]
[Round "3.5"]
[White "Sapozhnikov, Roman"]
[Black "Jiang, Brian"]
[Result "1-0"]
[WhiteElo "2330"]
[BlackElo "2180"]
[PlyCount "133"]
[EventDate "2019.08.31"]
[EventType "swiss"]
[EventRounds "6"]
[EventCountry "CAN"]

1. e4 c5 2. Nf3 Nc6 3. d4 cxd4 4. Nxd4 e6 5. Nc3 Qc7 6. Be3 a6 7. Be2 Nf6 8.
O-O b5 9. Nxc6 dxc6 10. a3 c5 11. f4 Bb7 12. e5 Nd5 13. Nxd5 Bxd5 14. c4 bxc4
15. Qa4+ Qd7 16. Qxd7+ Kxd7 17. Rfd1 Kc6 18. Rac1 Rb8 19. Rd2 Rb3 20. Kf2 c3
21. Rxc3 Rxc3 22. bxc3 c4 23. Rb2 Bc5 24. Bxc5 Kxc5 25. Bf3 Rd8 26. Bxd5 Rxd5
27. Rb7 Rd3 28. Rxf7 Rxc3 29. Rxg7 Rxa3 30. Rxh7 Kd4 31. h4 Ke4 32. Rc7 Kxf4
33. Rxc4+ Kxe5 34. g3 Kf5 35. Kg2 e5 36. g4+ Kf6 37. Rc6+ Kf7 38. g5 e4 39.
Rf6+ Kg8 40. Re6 Kg7 41. Rxe4 Kh7 42. Re6 Kg7 43. Rf6 Kh7 44. Rf3 Ra2+ 45. Kg3
a5 46. Kg4 Ra4+ 47. Kh5 Rb4 48. Rf7+ Kg8 49. Ra7 a4 50. g6 a3 51. Kg5 a2 52.
Rxa2 Kh8 53. h5 Rb5+ 54. Kh6 Rb8 55. Ra5 Kg8 56. Kg5 Kg7 57. Ra7+ Kg8 58. Re7
Rc8 59. Kf6 Rf8+ 60. Ke6 Rf1 61. Ke5 Rh1 62. Kf6 Rf1+ 63. Kg5 Rf8 64. Re5 Ra8
65. Rb5 Rc8 66. h6 Ra8 67. h7+ 1-0

[Event "Toronto op"]
[Site "Toronto CAN"]
[Date "2019.09.01"]
[Round "3.6"]
[White "Zhao, Jeffrey R"]
[Black "Noritsyn, Sergey"]
[Result "1-0"]
[WhiteElo "2101"]
[BlackElo "2325"]
[PlyCount "113"]
[EventDate "2019.08.31"]
[EventType "swiss"]
[EventRounds "6"]
[EventCountry "CAN"]

1. e4 c5 2. Nf3 d6 3. d4 Nf6 4. Nc3 cxd4 5. Nxd4 a6 6. Bg5 Nbd7 7. Qe2 h6 8.
Bh4 g6 9. f4 e5 10. fxe5 dxe5 11. O-O-O Qc7 12. Nb3 Be7 13. Qf3 g5 14. Bg3 Nb6
15. Be2 Bd7 16. Nd5 Nfxd5 17. exd5 Qd6 18. Qe3 f6 19. Bf2 Nxd5 20. Bh5+ Kf8 21.
Qd2 Bc6 22. Bf3 Rd8 23. Bc5 Qc7 24. Kb1 Kg7 25. h4 Nf4 26. Qf2 Rxd1+ 27. Rxd1
Bxf3 28. gxf3 Rd8 29. Rh1 Bxc5 30. Nxc5 Qb6 31. hxg5 fxg5 32. Qh2 h5 33. Ne4
Qg6 34. Rg1 g4 35. a3 Kf7 36. Qh4 Ne6 37. Qf2 Ke8 38. Qb6 Rd7 39. Nc5 Re7 40.
Nxb7 g3 41. Nd6+ Kd7 42. Ne4 h4 43. Qd6+ Ke8 44. Qxe5 Kf7 45. Qh8 Ng7 46. Qxh4
Nf5 47. Qf4 g2 48. Qxf5+ Qxf5 49. Nd6+ Kf6 50. Nxf5 Kxf5 51. Rxg2 Kf4 52. Rg6
a5 53. Ra6 Re5 54. b4 axb4 55. axb4 Kxf3 56. Kb2 Ke2 57. Rd6 1-0

[Event "Toronto op"]
[Site "Toronto CAN"]
[Date "2019.09.01"]
[Round "3.7"]
[White "Munro, Allan"]
[Black "Franco, Ryan"]
[Result "0-1"]
[WhiteElo "2201"]
[BlackElo "2272"]
[PlyCount "72"]
[EventDate "2019.08.31"]
[EventType "swiss"]
[EventRounds "6"]
[EventCountry "CAN"]

1. e4 d6 2. d4 Nf6 3. Nc3 e5 4. Nf3 Nbd7 5. Be2 Be7 6. O-O O-O 7. Re1 a6 8. a4
b6 9. Bc4 Bb7 10. Ba2 h6 11. Qe2 c6 12. Rd1 Qc7 13. Nh4 exd4 14. Rxd4 Rfe8 15.
Nf5 d5 16. Rd3 Bf8 17. Rg3 Kh7 18. Be3 Nxe4 19. Nxe4 Rxe4 20. c4 Qe5 21. Bb1
Qxf5 22. f3 g6 23. fxe4 dxe4 24. Bc2 c5 25. Rd1 Bg7 26. Qd2 Ne5 27. b3 Ng4 28.
Rf1 Qe6 29. Rxg4 Qxg4 30. Rxf7 Bc6 31. Bxh6 e3 32. Bxe3 Re8 33. Rf2 Qe6 34. Re2
Bd4 35. Kf2 Qf6+ 36. Kg1 Rxe3 0-1

[Event "Toronto op"]
[Site "Toronto CAN"]
[Date "2019.09.01"]
[Round "3.8"]
[White "Yao, Houji"]
[Black "Saha, Ananda"]
[Result "1-0"]
[WhiteElo "2258"]
[BlackElo "2309"]
[PlyCount "143"]
[EventDate "2019.08.31"]
[EventType "swiss"]
[EventRounds "6"]
[EventCountry "CAN"]

1. e4 e6 2. d4 d5 3. Nd2 Nf6 4. e5 Nfd7 5. c3 c5 6. Bd3 Nc6 7. Ne2 cxd4 8. cxd4
a5 9. O-O Nb6 10. Nf3 Bd7 11. Nc3 Nb4 12. Bb1 Rc8 13. Ng5 g6 14. Qf3 Qe7 15. a3
Nc6 16. Rd1 Bg7 17. Qh3 f5 18. Nf3 Nd8 19. Bg5 Qf8 20. Qg3 Nc4 21. Bc1 Nf7 22.
Ne1 Qe7 23. Nd3 g5 24. h4 Bh6 25. hxg5 Bxg5 26. f4 Bh4 27. Qf3 Rg8 28. Qh5 Kd8
29. Nc5 Rg4 30. Bxf5 exf5 31. Nxd5 Qf8 32. Nxd7 Qg7 33. Kh1 Bf2 34. Nc5 Rxc5
35. dxc5 Rh4+ 36. Qxh4+ Bxh4 37. Ne3+ Kc7 38. Nxc4 Bf2 39. Rd3 Bg3 40. Kg1 Nd8
41. Bd2 Ne6 42. Rf1 h5 43. Rff3 h4 44. Rd6 h3 45. Bxa5+ Kb8 46. gxh3 Nxf4 47.
Rd8+ Ka7 48. Bb6+ Ka6 49. Ra8+ Kb5 50. Nd6+ Kc6 51. Kf1 Qxe5 52. Rc8+ Kd5 53.
Re8 Qxb2 54. Rxg3 Qh2 55. Nxf5 Qh1+ 56. Kf2 Qh2+ 57. Kf3 Nxh3 58. c6 Qh1+ 59.
Kg4 Qd1+ 60. Kh4 Kxc6 61. Be3 Qd7 62. Re6+ Kb5 63. Rxh3 Qh7+ 64. Rh6 Qg8 65.
Rg3 Qf8 66. Rb6+ Kc4 67. Rb4+ Kd5 68. Kg4 b5 69. Rxb5+ Ke4 70. Bg5 Qxa3 71.
Re3+ Qxe3 72. Nxe3 1-0

[Event "Toronto op"]
[Site "Toronto CAN"]
[Date "2019.09.01"]
[Round "4.3"]
[White "Migot, Tangi"]
[Black "Franco, Ryan"]
[Result "1-0"]
[WhiteElo "2472"]
[BlackElo "2272"]
[PlyCount "87"]
[EventDate "2019.08.31"]
[EventType "swiss"]
[EventRounds "6"]
[EventCountry "CAN"]

1. e4 d6 2. d4 Nf6 3. Nc3 e5 4. Nf3 Nbd7 5. Bc4 Be7 6. O-O O-O 7. a4 c6 8. a5
Qc7 9. Qe2 h6 10. d5 Re8 11. Rd1 Nf8 12. h3 Ng6 13. Bb3 Nh5 14. a6 Nhf4 15. Qc4
c5 16. axb7 Bxb7 17. Bd2 a5 18. Nb5 Qb6 19. Qf1 Ba6 20. Rxa5 Rab8 21. Bc4 Bc8
22. Na7 Bd7 23. Bb5 Qc7 24. Nc6 Rxb5 25. Qxb5 f5 26. exf5 Bxf5 27. Bxf4 exf4
28. Ra7 Qc8 29. Re1 Kf8 30. c3 Bd7 31. Nxe7 Rxe7 32. Qb7 Qxb7 33. Rxb7 Rxe1+
34. Nxe1 Bf5 35. c4 Ne5 36. b3 g5 37. Kh2 h5 38. Nf3 Nxf3+ 39. gxf3 h4 40. Kg2
Bd3 41. Rd7 Bc2 42. Rxd6 Bxb3 43. Rc6 Bxc4 44. Rxc5 1-0

[Event "Toronto op"]
[Site "Toronto CAN"]
[Date "2019.09.01"]
[Round "4.4"]
[White "Dukic, Zachary"]
[Black "Zhao, Jeffrey R"]
[Result "0-1"]
[WhiteElo "2415"]
[BlackElo "2101"]
[PlyCount "138"]
[EventDate "2019.08.31"]
[EventType "swiss"]
[EventRounds "6"]
[EventCountry "CAN"]

1. e4 c5 2. Nf3 d6 3. d4 cxd4 4. Nxd4 Nf6 5. Nc3 a6 6. Bg5 e6 7. f4 Be7 8. Qf3
Qc7 9. O-O-O Nbd7 10. f5 e5 11. Nde2 b5 12. Bxf6 Nxf6 13. Nd5 Nxd5 14. exd5 Bb7
15. Ng3 Bg5+ 16. Kb1 Rc8 17. Bd3 Qc5 18. Qg4 Bh6 19. Be4 b4 20. Nh5 Kf8 21. h4
a5 22. Rh3 a4 23. Qf3 b3 24. axb3 axb3 25. Qxb3 Ba6 26. Qa3 Qxa3 27. Rxa3 Be2
28. Bf3 Bxd1 29. Bxd1 g6 30. Ng3 Kg7 31. Ne4 Rhd8 32. f6+ Kf8 33. Be2 Ra8 34.
Rf3 Rdb8 35. c4 Rb6 36. Nc3 Bd2 37. Nb5 Bb4 38. h5 Bc5 39. Rh3 Kg8 40. Bd3 Rba6
41. Kc1 Ra1+ 42. Bb1 e4 43. Rh1 Re8 44. Nc3 Bd4 45. Nb5 Bc5 46. Nc3 e3 47. Ne2
Re5 48. hxg6 hxg6 49. b3 Ra8 50. Kb2 Bb4 51. Bd3 Rg5 52. Rh2 Be1 53. Be4 Re8
54. Bf3 Rf5 55. Rh1 Bb4 56. Ra1 Rxf6 57. Ra4 Rb8 58. Kc2 Rb7 59. Nd4 Rf4 60.
Kd3 Bd2 61. Nb5 Rb6 62. Ra7 Kf8 63. Rc7 Rf6 64. Rc6 Rb8 65. Nxd6 Rxb3+ 66. Ke2
Bb4 67. Rc8+ Ke7 68. Ne4 Ra6 69. c5 Ra2+ 0-1

[Event "Toronto op"]
[Site "Toronto CAN"]
[Date "2019.09.01"]
[Round "4.5"]
[White "Noritsyn, Sergey"]
[Black "Sapozhnikov, Roman"]
[Result "1-0"]
[WhiteElo "2325"]
[BlackElo "2330"]
[PlyCount "79"]
[EventDate "2019.08.31"]
[EventType "swiss"]
[EventRounds "6"]
[EventCountry "CAN"]

1. e4 c5 2. Nf3 e6 3. c3 Qa5 4. Bd3 Nc6 5. O-O Nf6 6. Bc2 c4 7. Qe2 d5 8. e5
Nd7 9. d4 cxd3 10. Bxd3 g6 11. Bf4 Bg7 12. Nbd2 O-O 13. h4 f6 14. exf6 Nxf6 15.
b4 Qb6 16. Ng5 e5 17. Be3 Qc7 18. Bc5 e4 19. Bc2 Ng4 20. g3 Bxc3 21. Bxe4 Rd8
22. Bxd5+ Kg7 23. Rac1 Qe5 24. Qf3 Nf6 25. Bxc6 Bxd2 26. Bxb7 Bxc1 27. Bxa8
Bxg5 28. hxg5 Qxg5 29. Be7 Rd7 30. Re1 Qf5 31. Qc6 Ng4 32. Bc5 Rf7 33. Bd4+ Kh6
34. Qc1+ Qg5 35. Qxc8 Qh5 36. Qc1+ Qg5 37. Qxg5+ Kxg5 38. Be3+ Kf5 39. Bf4 g5
40. Bd5 1-0

[Event "Toronto op"]
[Site "Toronto CAN"]
[Date "2019.09.01"]
[Round "4.6"]
[White "Yao, Houji"]
[Black "Kang, Dorian"]
[Result "0-1"]
[WhiteElo "2258"]
[BlackElo "2213"]
[PlyCount "50"]
[EventDate "2019.08.31"]
[EventType "swiss"]
[EventRounds "6"]
[EventCountry "CAN"]

1. e4 c5 2. Nf3 d6 3. d4 cxd4 4. Nxd4 Nf6 5. Nc3 g6 6. Be3 Bg7 7. f3 Nc6 8. Qd2
O-O 9. O-O-O d5 10. exd5 Nxd5 11. Nxc6 bxc6 12. Bd4 Bxd4 13. Qxd4 Qb6 14. Na4
Qc7 15. b3 Bf5 16. Ba6 Rab8 17. a3 Rfd8 18. Bc4 Nb6 19. Qe3 Rxd1+ 20. Rxd1 Nxc4
21. bxc4 Qb7 22. Nc3 Qb2+ 23. Kd2 Bxc2 24. Rc1 Rd8+ 25. Ke2 Rd3 0-1

[Event "Toronto op"]
[Site "Toronto CAN"]
[Date "2019.09.01"]
[Round "4.7"]
[White "Gao, Raymond"]
[Black "Pace, Christopher"]
[Result "0-1"]
[WhiteElo "2050"]
[BlackElo "2214"]
[PlyCount "48"]
[EventDate "2019.08.31"]
[EventType "swiss"]
[EventRounds "6"]
[EventCountry "CAN"]

1. e4 e5 2. Nf3 Nc6 3. d4 exd4 4. Bc4 Bc5 5. c3 d3 6. Qxd3 d6 7. O-O Nf6 8. Bg5
O-O 9. Nbd2 h6 10. Bh4 g5 11. Nxg5 hxg5 12. Bxg5 Ne5 13. Qg3 Ng6 14. Bh6 d5 15.
Bxf8 Qxf8 16. exd5 Qh6 17. Qd3 Ng4 18. h3 N4e5 19. Qe2 Bxh3 20. gxh3 Qxh3 21.
Qe4 Nh4 22. Be2 f5 23. Bg4 Nxg4 24. Qe6+ Kh8 0-1

[Event "Toronto op"]
[Site "Toronto CAN"]
[Date "2019.09.01"]
[Round "4.8"]
[White "Saha, Ananda"]
[Black "Jiang, Brian"]
[Result "1-0"]
[WhiteElo "2309"]
[BlackElo "2180"]
[PlyCount "67"]
[EventDate "2019.08.31"]
[EventType "swiss"]
[EventRounds "6"]
[EventCountry "CAN"]

1. d4 Nf6 2. Bg5 d5 3. e3 Nbd7 4. Nf3 g6 5. Nbd2 Bg7 6. c4 dxc4 7. Bxc4 c5 8.
O-O cxd4 9. Nxd4 O-O 10. Rc1 Nb6 11. Be2 Qd5 12. Bxf6 Bxf6 13. N2b3 a6 14. Bf3
Qd8 15. Nc5 Rb8 16. Qb3 e5 17. Ne2 Nd7 18. Ne4 Bg7 19. Rfd1 Qb6 20. Qc4 Qxb2
21. Qc7 Ra8 22. Rc2 Qb4 23. N2c3 f5 24. Nd5 Qa4 25. Nd6 e4 26. Ne7+ Kh8 27.
Ndxc8 Ne5 28. Nb6 Qb4 29. Ned5 Qb5 30. Be2 Qe8 31. Nxa8 Qxa8 32. Nb6 Qe8 33.
Qxb7 g5 34. Rc8 1-0

[Event "Toronto op"]
[Site "Toronto CAN"]
[Date "2019.09.02"]
[Round "5.1"]
[White "Zhao, Jeffrey R"]
[Black "Noritsyn, Nikolay"]
[Result "0-1"]
[WhiteElo "2101"]
[BlackElo "2606"]
[PlyCount "64"]
[EventDate "2019.08.31"]
[EventType "swiss"]
[EventRounds "6"]
[EventCountry "CAN"]

1. e4 Nf6 2. e5 Nd5 3. d4 d6 4. Nf3 Bg4 5. Be2 c6 6. O-O Bxf3 7. Bxf3 dxe5 8.
dxe5 e6 9. Qe2 Nd7 10. b3 Qc7 11. Re1 Bb4 12. Bd2 a5 13. a3 Bc5 14. c4 Ne7 15.
Bc3 O-O 16. Qb2 Qb6 17. Be4 f5 18. exf6 Nxf6 19. Bf3 Ng6 20. g3 e5 21. Rf1 e4
22. Be2 e3 23. fxe3 Rae8 24. Kg2 Rxe3 25. Bf3 Ne4 26. Bxe4 Rxe4 27. Rxf8+ Bxf8
28. Qc2 Qe3 29. Nd2 Qe2+ 30. Kh1 Re3 31. Rf1 Rd3 32. Rc1 Bxa3 0-1

[Event "Toronto op"]
[Site "Toronto CAN"]
[Date "2019.09.02"]
[Round "5.4"]
[White "Pace, Christopher"]
[Black "Humphreys, Michael"]
[Result "1-0"]
[WhiteElo "2214"]
[BlackElo "2332"]
[PlyCount "109"]
[EventDate "2019.08.31"]
[EventType "swiss"]
[EventRounds "6"]
[EventCountry "CAN"]

1. d4 Nf6 2. c4 e6 3. Nc3 Bb4 4. e3 O-O 5. Bd3 c5 6. a3 Bxc3+ 7. bxc3 b6 8. Ne2
Nc6 9. e4 Ne8 10. O-O Ba6 11. Be3 Na5 12. dxc5 Qc7 13. cxb6 axb6 14. c5 bxc5
15. Bxa6 Rxa6 16. Qa4 Qc6 17. Qxc6 Rxc6 18. Rfd1 d6 19. Bf4 Nc4 20. a4 Nc7 21.
Rdb1 Ra8 22. Rb7 Na5 23. Rb2 h6 24. Rab1 g5 25. Rb8+ Kg7 26. Bg3 Nc4 27. Rxa8
Nxa8 28. Rb5 e5 29. f3 Ra6 30. Be1 Rxa4 31. Ng3 Ra1 32. Nf5+ Kf6 33. Kf2 Nc7
34. Rb7 Ne6 35. Nxh6 Nf4 36. Nxf7 Nd3+ 37. Ke2 Nxe1 38. g3 Nc2 39. Nh6 Re1+ 40.
Kf2 Rd1 41. Ng8+ Kg6 42. Ne7+ Kf7 43. Nd5+ Ke8 44. Rb8+ Kd7 45. Rb7+ Kc8 46.
Rg7 Rd2+ 47. Kg1 Ne1 48. Rf7 Nb2 49. h4 Nbd3 50. hxg5 Rg2+ 51. Kf1 Rxg3 52. g6
Nxf3 53. g7 Nh2+ 54. Ke2 Nc1+ 55. Kf2 1-0

[Event "Toronto op"]
[Site "Toronto CAN"]
[Date "2019.09.02"]
[Round "5.5"]
[White "Sapozhnikov, Roman"]
[Black "Kang, Dorian"]
[Result "1-0"]
[WhiteElo "2330"]
[BlackElo "2213"]
[PlyCount "127"]
[EventDate "2019.08.31"]
[EventType "swiss"]
[EventRounds "6"]
[EventCountry "CAN"]

1. e4 c5 2. Nf3 d6 3. d4 cxd4 4. Nxd4 Nf6 5. Nc3 g6 6. Be3 Bg7 7. f3 Nc6 8. Qd2
O-O 9. O-O-O d5 10. Kb1 Nxd4 11. e5 Nf5 12. exf6 exf6 13. Nxd5 Nxe3 14. Qxe3
Be6 15. Bc4 Bxd5 16. Bxd5 Qc7 17. h4 Rac8 18. Qb3 Rcd8 19. Qxb7 Qa5 20. Bb3 f5
21. Rxd8 Qxd8 22. Qxa7 Qd2 23. Rg1 Qf4 24. Rd1 Qxh4 25. a4 Qf6 26. c3 h5 27.
Rd7 Qe5 28. Rxf7 Rxf7 29. Bxf7+ Kh7 30. Qa6 Qg3 31. Qe2 h4 32. a5 Qh2 33. Bc4
Be5 34. a6 Bb8 35. Qe8 Qg1+ 36. Ka2 Qa7 37. b4 Kh6 38. b5 Qf2+ 39. Kb3 Ba7 40.
Qc6 Kg5 41. Bd3 Bb6 42. Qd6 Bc5 43. f4+ Kh5 44. Be2+ Kh6 45. Qe5 Kh7 46. Kc4
Be3 47. Kd3 Bb6 48. Qe6 Ba7 49. Qe7+ Kg8 50. Kc4 Qxf4+ 51. Kd5 Qf2 52. Kc6
Qxg2+ 53. Kc7 Qe4 54. Qxe4 fxe4 55. b6 Bb8+ 56. Kxb8 h3 57. a7 h2 58. a8=Q h1=Q
59. Kc7+ Kg7 60. b7 Qh2+ 61. Kc6 Qxe2 62. b8=Q Qc4+ 63. Kd6 Qd3+ 64. Ke7 1-0

[Event "Toronto op"]
[Site "Toronto CAN"]
[Date "2019.09.02"]
[Round "5.6"]
[White "Franco, Ryan"]
[Black "Noritsyn, Sergey"]
[Result "1-0"]
[WhiteElo "2272"]
[BlackElo "2325"]
[PlyCount "113"]
[EventDate "2019.08.31"]
[EventType "swiss"]
[EventRounds "6"]
[EventCountry "CAN"]

1. d4 d5 2. c4 c6 3. Nc3 Nf6 4. Nf3 e6 5. e3 Nbd7 6. Qc2 Bd6 7. cxd5 exd5 8.
Bd3 O-O 9. O-O Re8 10. Rb1 Qe7 11. Nd2 c5 12. Nb5 Bb8 13. dxc5 Nxc5 14. Nf3
Nxd3 15. Qxd3 Bg4 16. Nbd4 Bh5 17. Nf5 Qd7 18. Rd1 Re4 19. Ng3 Bg6 20. Ra1 Bxg3
21. hxg3 Rd8 22. b3 d4 23. Nxd4 Qg4 24. Qf1 Qh5 25. Bb2 Rdxd4 26. Rxd4 Rxd4 27.
Bxd4 Ng4 28. Qc4 h6 29. Kf1 Kh7 30. Ke1 Qh2 31. Qf1 Be4 32. f3 Qxg3+ 33. Kd2
Nh2 34. Qe2 Bc6 35. Rc1 a6 36. a4 Bd7 37. Rc5 Qd6 38. Rh5 g6 39. Re5 Qa3 40.
Kc2 Be6 41. Rxe6 fxe6 42. Qc4 Qd6 43. Qc8 e5 44. Qxb7+ Kg8 45. Qc8+ Kh7 46. Qc5
Qxc5+ 47. Bxc5 e4 48. f4 Ng4 49. Bd4 Nf2 50. b4 Nd3 51. Kc3 Nc1 52. b5 a5 53.
b6 Na2+ 54. Kc4 Nb4 55. Kb5 Nd5 56. b7 Nc7+ 57. Kxa5 1-0

[Event "Toronto op"]
[Site "Toronto CAN"]
[Date "2019.09.02"]
[Round "5.7"]
[White "Saha, Ananda"]
[Black "Gao, Raymond"]
[Result "1/2-1/2"]
[WhiteElo "2309"]
[BlackElo "2050"]
[PlyCount "119"]
[EventDate "2019.08.31"]
[EventType "swiss"]
[EventRounds "6"]
[EventCountry "CAN"]

1. d4 Nf6 2. Bg5 d5 3. e3 g6 4. Bxf6 exf6 5. g3 Bg7 6. Bg2 c6 7. Ne2 O-O 8. O-O
f5 9. Nd2 Nd7 10. c4 Nf6 11. Nc3 Be6 12. cxd5 Nxd5 13. Nxd5 Bxd5 14. Bxd5 Qxd5
15. Qb3 Rfd8 16. Rac1 Qd7 17. Nf3 f4 18. exf4 Qd5 19. Qxd5 Rxd5 20. Rc5 Rad8
21. Rxd5 Rxd5 22. Rd1 c5 23. Kf1 cxd4 24. Ne1 Kf8 25. Ke2 Ke7 26. Kd3 Kd6 27.
Nf3 h6 28. b3 Ra5 29. Rd2 Kd5 30. Rc2 Rc5 31. Rxc5+ Kxc5 32. a3 Kd5 33. h4 f5
34. b4 Bf6 35. Nd2 b5 36. Nb3 Be7 37. Nxd4 a6 38. h5 Bf6 39. Nb3 gxh5 40. Nc5
Bd4 41. Nxa6 Bxf2 42. Nc7+ Kc6 43. Ne6 Bxg3 44. Ke3 Kd5 45. Ng7 Bh4 46. Nxf5
Bf6 47. Kd3 Bb2 48. Ne3+ Ke6 49. Ke4 Bxa3 50. f5+ Kd6 51. Nd5 h4 52. f6 Ke6 53.
Nc7+ Kxf6 54. Nxb5 Bxb4 55. Kf3 Kg5 56. Kg2 Kg4 57. Kh1 h3 58. Nd4 Bc5 59. Ne6
Bg1 60. Kxg1 1/2-1/2

[Event "Toronto op"]
[Site "Toronto CAN"]
[Date "2019.09.02"]
[Round "6.1"]
[White "Noritsyn, Nikolay"]
[Black "Migot, Tangi"]
[Result "1-0"]
[WhiteElo "2606"]
[BlackElo "2472"]
[PlyCount "81"]
[EventDate "2019.08.31"]
[EventType "swiss"]
[EventRounds "6"]
[EventCountry "CAN"]

1. b3 c5 2. Bb2 Nc6 3. e3 e5 4. Bb5 d6 5. d4 cxd4 6. exd4 Bd7 7. dxe5 dxe5 8.
Nd2 Bc5 9. Qe2 Qe7 10. Ngf3 f6 11. Ne4 Bb4+ 12. c3 Ba5 13. b4 Bb6 14. Rd1 O-O-O
15. O-O Kb8 16. c4 Nh6 17. c5 Bc7 18. Nd6 Bxd6 19. cxd6 Qe8 20. Rfe1 Nf5 21. a4
Nxb4 22. Qe4 Nc6 23. Bxc6 bxc6 24. Bc3 Ka8 25. Ba5 Rb8 26. Bc7 Qe6 27. Bxb8
Rxb8 28. h3 g5 29. g4 Nh4 30. Nxh4 gxh4 31. Qxh7 Rb4 32. Re4 Rb3 33. Qe7 Rb7
34. Qxe6 Bxe6 35. g5 Rg7 36. Rxh4 Rxg5+ 37. Kh2 Rg7 38. Rh6 Rf7 39. Rh8+ Kb7
40. Re8 Ba2 41. d7 1-0

[Event "Toronto op"]
[Site "Toronto CAN"]
[Date "2019.09.02"]
[Round "6.3"]
[White "Pace, Christopher"]
[Black "Sapozhnikov, Roman"]
[Result "1-0"]
[WhiteElo "2214"]
[BlackElo "2330"]
[PlyCount "61"]
[EventDate "2019.08.31"]
[EventType "swiss"]
[EventRounds "6"]
[EventCountry "CAN"]

1. d4 Nf6 2. c4 c5 3. d5 e6 4. Nc3 exd5 5. cxd5 d6 6. e4 g6 7. Bf4 Nh5 8. Be3
Bg7 9. Be2 Nf6 10. Nf3 Bg4 11. Nd2 Bxe2 12. Qxe2 O-O 13. O-O Nbd7 14. f4 a6 15.
a4 Qc7 16. Rad1 Rfe8 17. Bf2 Rab8 18. Rfe1 Nb6 19. Qf3 Nfd7 20. Qh3 c4 21. a5
Na8 22. Nxc4 b5 23. axb6 Naxb6 24. Na5 Nc8 25. Nc6 Rxb2 26. Rc1 Kh8 27. Na4 Rb7
28. Ne5 Qa5 29. Nxd7 Qxa4 30. Rxc8 Rxc8 31. Nf6 1-0

[Event "Toronto op"]
[Site "Toronto CAN"]
[Date "2019.09.02"]
[Round "6.4"]
[White "Zhao, Jeffrey R"]
[Black "Franco, Ryan"]
[Result "0-1"]
[WhiteElo "2101"]
[BlackElo "2272"]
[PlyCount "56"]
[EventDate "2019.08.31"]
[EventType "swiss"]
[EventRounds "6"]
[EventCountry "CAN"]

1. e4 d6 2. d4 Nf6 3. Nc3 e5 4. Nf3 Nbd7 5. Bc4 Be7 6. O-O O-O 7. a4 a5 8. h3
c6 9. Ba2 h6 10. Re1 Re8 11. Be3 Qc7 12. Nh4 exd4 13. Bxd4 Nf8 14. Qf3 Ne6 15.
Be3 Ng5 16. Bxg5 hxg5 17. Nf5 Bf8 18. Rad1 Bxf5 19. Qxf5 Re5 20. Qf3 Rae8 21.
Re3 Qb6 22. Re2 Qxb2 23. Rb1 Qa3 24. Rxb7 d5 25. Bb3 g4 26. hxg4 Qc1+ 27. Kh2
Rg5 28. Na2 Qf1 0-1

[Event "Toronto op"]
[Site "Toronto CAN"]
[Date "2019.09.02"]
[Round "6.5"]
[White "Humphreys, Michael"]
[Black "Yao, Houji"]
[Result "1-0"]
[WhiteElo "2332"]
[BlackElo "2258"]
[PlyCount "179"]
[EventDate "2019.08.31"]
[EventType "swiss"]
[EventRounds "6"]
[EventCountry "CAN"]

1. Nf3 c5 2. c4 Nc6 3. g3 g6 4. Bg2 Bg7 5. Nc3 Nf6 6. d4 d5 7. O-O O-O 8. cxd5
Nxd5 9. Nxd5 Qxd5 10. Be3 Bf5 11. dxc5 Qc4 12. Nd2 Qa6 13. Qb3 Rfd8 14. Qc4 Qa5
15. Qb3 Rab8 16. Rac1 Be6 17. Qa3 Qb5 18. b3 Qxe2 19. Rfe1 Qb5 20. Nc4 Qb4 21.
Qxb4 Nxb4 22. Bf4 Rbc8 23. Na5 b6 24. Nb7 Re8 25. c6 Nxa2 26. Rcd1 Nb4 27. c7
g5 28. Rd8 Kf8 29. Bd2 Rxc7 30. Rxe8+ Kxe8 31. Bxb4 a5 32. Bd2 Bxb3 33. Nd6+
Kf8 34. Nb5 Rc5 35. Rc1 a4 36. Rxc5 bxc5 37. Bc1 Bc4 38. Bf1 Bd5 39. Na3 h6 40.
Bc4 Bf3 41. Kf1 f5 42. Be2 Bd5 43. Bc4 Bf3 44. Bb5 Bd1 45. Ke1 Bb3 46. Kd2 Bd4
47. Ke2 Kf7 48. Nc4 Kf6 49. Nb6 Bf7 50. Nxa4 c4 51. Be3 e5 52. Bxd4 exd4 53.
Nb6 c3 54. Kd3 Ke5 55. Nc4+ Kd5 56. Na3 Ke5 57. Nc2 f4 58. Nxd4 fxg3 59. hxg3
Bg6+ 60. Kxc3 h5 61. Bd3 Be4 62. Ne2 Bf3 63. Kd2 h4 64. gxh4 gxh4 65. Ke3 Bg2
66. f4+ Kf6 67. Be4 Bh3 68. Nd4 Bg4 69. Nf3 Ke6 70. Nxh4 Kf7 71. Kd4 Be6 72.
Ke5 Bb3 73. Kd6 Ba4 74. Ng2 Kf6 75. Ne3 Bb5 76. Ng4+ Kf7 77. Bd3 Ba4 78. Ke5
Bb3 79. f5 Ke7 80. f6+ Kf7 81. Bf5 Bd1 82. Nh6+ Kf8 83. Bg6 Bh5 84. Bf5 Bg6 85.
Be6 Bd3 86. Kf4 Bb5 87. Ng4 Be8 88. Kg5 Bb5 89. Ne5 Be8 90. Ng6+ 1-0